00301nam a2200121Ia 4500008004100000041000800041082000800049100002900057245004100086260003200127300000800159520001200167221007s9999 xx 000 0 und d aeng bSAH aSahasrabudhe P (2K51047) aStudy and Decision of Costing System c2007bPune UniversityaPune a65p aJumde A